00493nam a2200133Ia 4500008004100000082002000041100002400061245010500085260001900190300001000209942001200219999001900231952010900250210430s9999 xx 000 0 und d a620.118 S893 F  aDr. Ab Brent Strong aFundamentals of Composites Manufacturing: Materials, Methods, and Applications cDr. Ab Brent Strong aUSAbSMEc1989 a252.p cBK2ddc c563830d563830 001040708NFICaSCMEbSCMEcGENd0007-12-11l0o620.118 S893 F pSCME-2998r2021-04-30w2021-04-30yBK